NBA Players With The Most 50 Point Games - Statistics

General Stats
  • This quiz has been taken 1,156 times
  • The average score is 15 of 28
Answer Stats
Games Name % Correct
14 LeBron James
98%
31 Michael Jordan
96%
118 Wilt Chamberlain
96%
25 Kobe Bryant
92%
13 Stephen Curry
89%
9 Kevin Durant
83%
23 James Harden
82%
5 Jerry West
78%
5 Russell Westbrook
73%
10 Kareem Abdul-Jabbar
71%
7 Luka Dončić
69%
8 Giannis Antetokounmpo
59%
11 Allen Iverson
55%
15 Damian Lillard
54%
8 Joel Embiid
52%
6 Kyrie Irving
52%
7 Devin Booker
48%
17 Elgin Baylor
38%
5 Jayson Tatum
37%
5 Anthony Davis
34%
6 Bob Pettit
26%
5 George Gervin
26%
7 Dominique Wilkins
23%
14 Rick Barry
21%
5 Bradley Beal
20%
6 Pete Maravich
20%
6 Adrian Dantley
16%
8 Bernard King
16%
No matching quizzes found
Score Distribution
Percent of People with Each Score
Percentile by Number Answered
Your Score History
You have not taken this quiz